000 00902nam a2200265Ia 4500
003 OSt
005 20220923211351.0
006 a|||||r|||| 00| 0
007 ta
008 220922b |||||||| |||| 00| 0 hin d
020 _a9788186503515 (hbk)
_c350
024 _a276,308
037 _b23062, 16/08/2013, Kitab Ghar
_cTextual
040 _aARTS
_cARTS
_bhin
041 _2hin
_ahin
082 _aQ2:4198, 152Q1
100 _aशर्मा, पवित्र कुमार
245 0 _aहमारे तीर्थस्थल
246 _aHamāre tīrthasthala
260 _aदिल्ली
_b विद्या पुस्तक सदन
_c2011
300 _a200पृ.
_ccm.
650 _aधर्म
942 _hQ2:4198, 152Q1
_cTEXL
_2CC
999 _c298844
_d298844